000 00744nam a2200229 a 4500
001 000025198
005 20240412074251.0
008 110211s2009 dr 000 j spa d
020 _a9789945863055
040 _aDO-SdBNP
_bspa
_cBNPHU
082 _aRD863.44
_bB511t, 2009
100 1 _aBerigüete, Marino,
_d1962-
_916526
245 1 0 _aTrece cuentos supersticiosos del sur /
_cMarino Berigüete.
250 _a5a. ed.
260 _aSanto Domingo :
_bBiik,
_c2009.
300 _a165 p. ;
_c22 cm.
500 _aIncluye datos biográficos del autor en la solapa de la cubierta
590 _aInventariado, 2020/LP
650 0 _aCuentos dominicanos
_9176
650 0 _aLiteratura dominicana.
_967
910 _aValidado. Control de calidad MFF
999 _c24691
_d24691